South Eastern Kenya University

Library Online Public Access Catalogue


International financial operations : (Record no. 16577)

MARC details
000 -LEADER
fixed length control field 00745cam a22002294a 4500
003 - CONTROL NUMBER IDENTIFIER
control field OSt
005 - DATE AND TIME OF LATEST TRANSACTION
control field 20190522114100.0
008 - FIXED-LENGTH DATA ELEMENTS--GENERAL INFORMATION
fixed length control field 030213s2003 enka b 001 0 eng
020 ## - INTERNATIONAL STANDARD BOOK NUMBER
International Standard Book Number 0333998596 (hbk.)
040 ## - CATALOGING SOURCE
Original cataloging agency seku
050 00 - LIBRARY OF CONGRESS CALL NUMBER
Classification number HG 6024 .A3
Item number M663
100 1# - MAIN ENTRY--PERSONAL NAME
Personal name Moosa, Imad A.
245 10 - TITLE STATEMENT
Title International financial operations :
Remainder of title arbitrage, hedging, speculation, financing, and investment /
Statement of responsibility, etc. Imad A. Moosa.
260 ## - PUBLICATION, DISTRIBUTION, ETC. (IMPRINT)
Place of publication, distribution, etc. Houndmills, Basingstoke ;
-- New York :
Name of publisher, distributor, etc. Palgrave Macmillan,
Date of publication, distribution, etc. 2003.
300 ## - PHYSICAL DESCRIPTION
Extent xxii, 362 p. :
Other physical details ill. ;
504 ## - BIBLIOGRAPHY, ETC. NOTE
Bibliography, etc Includes bibliographical references (p. 341-356) and index.
650 #0 - SUBJECT ADDED ENTRY--TOPICAL TERM
Topical term or geographic name as entry element Arbitrage.
650 #0 - SUBJECT ADDED ENTRY--TOPICAL TERM
Topical term or geographic name as entry element Hedging (Finance)
650 #0 - SUBJECT ADDED ENTRY--TOPICAL TERM
Topical term or geographic name as entry element Speculation.
650 #0 - SUBJECT ADDED ENTRY--TOPICAL TERM
Topical term or geographic name as entry element Investments,
942 ## - ADDED ENTRY ELEMENTS (KOHA)
Source of classification or shelving scheme Library of Congress Classification
Koha item type General circulation
Holdings
Withdrawn status Lost status Source of classification or shelving scheme Damaged status Not for loan Home library Current library Shelving location Date acquired Source of acquisition Total Checkouts Full call number Barcode Date last seen Price effective from Koha item type
    Library of Congress Classification     Main Campus Library Main Campus Library General Stacks 23/04/2018 donation - Books Aid   HG 6024 .A3 M663 2018/020253 23/04/2018 23/04/2018 General circulation
Kitui, Kenya.
+254736116989
library@seku.ac.ke